000 00982nam a2200265 a 4500
001 2924446
005 20170619150142.0
008 890113s1986 sj 000 0 eng
010 _a 88980767
040 _aDLC
_cDLC
_dDLC
043 _af-sj---
_af------
050 0 0 _aGR355.8
_b.H87 1986
082 0 0 _a398/.09624
_220
100 1 _aHurreiz, Sayed Hamid A.
245 1 0 _aStudies in African applied folklore /
_cSayyid H. Hurreiz.
260 _aKhartoum :
_bInstitute of African and Asian Studies, University of Khartoum,
_cc1986.
300 _a137 p. ;
_c24 cm.
490 1 _aOccasional papers ;
_vno. 20
650 0 _aApplied folklore
_zSudan.
650 0 _aApplied folklore
_zAfrica.
830 0 _aOccasional paper (Jāmiʻat al-Kharṭūm. Maʻhad al-Dirāsāt al-Afrīqīyah wa-al-Āsiyawīyah) ;
_vno. 20.
906 _a7
_bcbc
_corignew
_d3
_encip
_f19
_gy-gencatlg
942 _2ddc
999 _c63828
_d63802